00591nam a2200193Ia 4500008004100000020000700041082001700048100002200065245003500087250000800122260003600130300001900166500001900185600002700204650001500231942000700246952012900253999001500382240925s9999 xx 000 0 und d aNA a621.3815 BOY aBoylestad, Robert 0aIntroduction Circuit Analysis  a8th aLondon:bPrentice, Hallc,1997. a1151p.bNAfNA aIncludes Index aElectronic Engineering aTechnology cBK 011440708ELaUITUbUITUd1999-02-13ePrice recoverd g290.00l0o621.3815 BOYpQ1874r2024-09-25 07:12:35w2024-09-25yBK c4373d4373